Reasoning Guru 2.0 Verbal & Non-Verbal Reasoning/ (Record no. 207610)
[ view plain ]
| 000 -LEADER | |
|---|---|
| fixed length control field | 00764nam a22002177a 4500 |
| 005 - DATE AND TIME OF LATEST TRANSACTION | |
| control field | 20250619144053.0 |
| 010 ## - LCCN (DPL NO) | |
| LC control number | DEC24SC ENG-142971 ENG-145472 |
| 020 ## - INTERNATIONAL STANDARD BOOK NUMBER | |
| International Standard Book Number | 9789364688635 |
| Terms of availability | 700.00 |
| 035 ## - SYSTEM CONTROL NUMBER | |
| System control number | EN-126503 |
| 035 ## - SYSTEM CONTROL NUMBER | |
| System control number | EN-129004 |
| 037 ## - SOURCE OF ACQUISITION | |
| Source of stock number/acquisition | DBAD |
| 082 ## - DEWEY DECIMAL CLASSIFICATION NUMBER | |
| Classification number | 000 |
| Edition number | 1 |
| 100 ## - MAIN ENTRY--PERSONAL NAME | |
| Personal name | Vikramjeet Sir |
| 245 ## - TITLE STATEMENT | |
| Title | Reasoning Guru 2.0 Verbal & Non-Verbal Reasoning/ |
| Statement of responsibility, etc | By Vikramjeet Sir |
| 250 ## - EDITION STATEMENT | |
| Edition statement | 1 |
| 260 ## - PUBLICATION, DISTRIBUTION, ETC. (IMPRINT) | |
| Place of publication, distribution, etc | New Delhi |
| Name of publisher, distributor, etc | S Chand and Company Limited |
| Date of publication, distribution, etc | 2025 |
| 270 ## - ADDRESS | |
| Address | A-27, 2nd Floor, Mohan Co-operative Industrial Estate |
| City | New Delhi |
| Postal code | 110044 |
| Electronic mail address | info@schandpublishing.com |
| Telephone number | 011-49731800 |
| 300 ## - PHYSICAL DESCRIPTION | |
| Extent | 736p. |
| Dimensions | 26cm(pb) |
| 500 ## - GENERAL NOTE | |
| General note | With Latest TCS MCQs | 6500+ PYQs | Bilingual Edition 2025 |
| 942 ## - ADDED ENTRY ELEMENTS (KOHA) | |
| Source of classification or shelving scheme | Dewey Decimal Classification |
| Item type | English Books |
| Classification part | 000 |
| Call number suffix | VIK |
| Edition | 1 |
| Withdrawn status | Lost status | Not for loan | Collection code | Home library | Current library | Date acquired | Source of acquisition | Cost, normal purchase price | Full call number | Barcode | Copy number | Cost, replacement price | Koha item type |
|---|---|---|---|---|---|---|---|---|---|---|---|---|---|
| Non-fiction | Mobile Library | Mobile Library | 19/06/2025 | Delivery of Books Act Division | 700.00 | 000 VIK | EN-129004 | 1 | 700.00 | English Books | |||
| Non-fiction | Sarojini Nagar | Sarojini Nagar | 11/12/2024 | Delivery of Books Division | 700.00 | 000 VIK | EN-126503 | 1 | 700.00 | English Books |
